00322nam a22000977a 4500008004100000082002200041245008900063260003800152300001000190710002400200230609b xxu||||| |||| 00| 0 eng d a354.62007232bGOK aPublic Accounts Committee on the Government of Kenya Accounts for the Year 2005/2006 aKenya bGovernment of Kenyac2003 a665 p bGovernment of Kenya